| 000 | 00735nas a2200241Ia 4500 | ||
|---|---|---|---|
| 001 | R224/E8414 | ||
| 003 | IT-RoPAU | ||
| 008 | 151124c99999999xx |||||||||||| ||und|| | ||
| 040 | _aIT-RoPAU | ||
| 040 | _cIT-RoPAU | ||
| 041 | _aITALIANO | ||
| 100 |
_aDe Benedictis Carla _gCodice Aut. SPICS: 48189 |
||
| 210 | _aBERENICE | ||
| 222 | _aBerenice | ||
| 245 |
_aBERENICE, ANNO 05-N.13 (MARZO 1997) _bAndre' Breton, "L'Art Magique" |
||
| 250 | _a1a ed. | ||
| 260 |
_aL'AQUILA _bANGELUS NOVUS _c1997 |
||
| 501 |
_bPaulus - SPICS - Società San Paolo EM (non-commercial uses only) _cCopyright2015 |
||
| 300 | _a6 p. [139-144] | ||
| 362 | _aANNO 005, N.13 (MARZO 1997) | ||
| 650 |
_aESTETICA _vPUBBLICAZIONE PERIODICA |
||
| 942 | _cCR | ||
| 999 |
_c118665 _d118665 |
||